000
00278nam a22001217a 4500
008
170421b xxu||||| |||| 00| 0 eng d
041
_a
eng
080
_2
3 ED
_a
573
100
_a
11
101
_a
SHM
245
_a
BIOLOGY THE DYNAMIC SCIENCE
_c
NCMILLAN.R.H
942
_2
udc
_c
BK
999
_c
11568
_d
11568